000 00859nas a2200301 4500
001 BR0700467
003 BR-BrBNA
005 20231205110522.0
007 ta
008 230509b bl.|||p| |||| 00| 00por d
040 _aBR-BrBNA
_bpor
_cBiblioteca Nacional de Agricultura
041 _a(Pt)
072 _aQ02; Q03
100 1 _aSiva, A.C. de O.
100 1 _aCerqueira, M.M.O.P.
100 1 _aMoraes, C.F. de A.M.P.
100 1 _aSouza, M.R. de
100 1 _aFernandez, A.T.
245 1 _aRadiação em alimentos. Uma revisão
650 _aALIMENTO
650 _aRADIAÇÃO
650 _aPRESERVAÇÃO DE ALIMENTO
650 _aMÉTODO
650 _aCONTAMINAÇÃO
773 0 _tHigiene Alimentar (Brazil)
_xISSN 0101-9171
_g(Aug 2006), v. 20(143) p. 17-23
_wBR0700467
909 _a202311
_bLúcia
_c55
_dLúcia Elande
942 _2AGRIS
_n0
_cANA
999 _c187712
_d187712